[Event "54th Rubinstein Memorial-A 2018"]
[Site "Polanica-Zdroj"]
[Date "2018.08.23"]
[Round "6"]
[White "Lapaj, Mateusz"]
[Black "Rosicki, Marcin"]
[Result "1-0"]
[WhiteElo "2198"]
[BlackElo "2002"]
[Annotator "TA"]
[PlyCount "119"]
[EventDate "2018.08.18"]
[EventType "swiss"]
[EventCountry "POL"]
[SourceTitle "playchess.com"]
[Source "ChessBase"]
[SourceQuality "1"]

{[%evp 20,119,45,23,81,72,77,82,125,128,113,124,114,98,98,46,53,46,50,46,48,42,46,35,63,50,65,68,75,69,65,70,174,117,184,112,154,147,221,180,210,200,200,206,203,191,218,219,234,229,202,178,171,171,258,251,370,241,241,250,252,210,210,208,212,184,181,0,212,209,212,208,209,199,207,207,212,208,222,218,270,263,265,274,347,346,364,270,512,464,455,449,446,443,1209,1267,1470,1354,758,736,1155,1025]} 1. c4 Nf6 2. Nc3 d5 3. cxd5 Nxd5 4. Nf3 g6 5. Qa4+ c6 6. Nxd5 Qxd5 7. e4 Qd8 8. d4 Bg7 9. Be3 O-O 10. Be2 Nd7 11. O-O {LiveBook: 3 Games} Nf6 {D85: Exchange Grünfeld: Unusual White 7th moves and lines with 7 Nf3} (11... e5 $11) 12. Qc2 $16 Ng4 (12... Qc7 13. h3 h6 14. Rfd1 e6 15. Rac1 Rd8 16. Ne5 Qe7 17. f4 Bd7 18. Bf2 Be8 19. Bh4 Qb4 20. a3 Qb6 21. Nc4 {1-0 (21) Laxman,R (2434)-Patil,P (2193) New Delhi 2012}) 13. Bf4 Bxd4 {White is better.} 14. Rad1 c5 15. Nxd4 cxd4 16. h3 $146 ({Predecessor:} 16. e5 Qa5 17. Rxd4 Bf5 18. Qb3 Be6 19. Qg3 h5 20. h3 Qxa2 21. hxg4 hxg4 22. Rb4 Bd5 23. Qxg4 Kg7 24. Bg5 Be6 25. Qf4 Rh8 26. Bxe7 {1-0 (26) Silva,L (2218)-Figueiredo,B (1908) Vila Nova de Gaia 2013}) 16... Nf6 17. Be5 (17. Bc7 $16 Qd7 18. f3) 17... Be6 $14 18. Bxd4 Qa5 19. b3 Rac8 20. Qb1 $36 {[%mdl 2048] White has the initiative.} Rfd8 21. Bf3 Ne8 22. Qb2 Nd6 23. Bh8 {[%csl Gh8][%cal Rb2g7]} Ne8 $1 {aiming for ...Rxd1.} 24. Bc3 Qg5 25. Bd2 Qf6 ({Black should play} 25... Qb5 $14) 26. Qa3 (26. e5 $18 Qf5 27. Bh6) 26... a6 (26... Nd6 $16) 27. Bb4 (27. Qa5 $18) 27... Nd6 28. Qa5 $1 {And now e5 would win.} ({But not} 28. Bxd6 $6 exd6 29. Rxd6 Rxd6 $16) 28... Re8 (28... b5 $16 {was necessary.} 29. Rfe1 (29. Qxa6 Rc2 $16) 29... Qe5 30. Qxa6 Rc2) 29. Rfe1 Qb2 30. Rd2 Rc2 {[#]} 31. Rxc2 $1 Qxc2 32. e5 Nf5 33. Bxb7 Rb8 {[#]} 34. Be4 $1 {[%cal Re4c2]} ({Worse is} 34. Qxa6 Qc7 $17) 34... Qc8 35. Bxf5 Bxf5 36. Bxe7 Rb5 (36... h6 $142 37. Bd6 Rb5) 37. Qd2 $18 Be6 (37... Qd7 $142 38. Qxd7 Bxd7) 38. Rc1 Qd7 39. Qxd7 Bxd7 {[%mdl 4096] Endgame KRB-KRB} 40. Rc7 Be6 41. Bf6 Kf8 42. Ra7 {Intending Ra8+ and mate.} Bc8 43. Rc7 {[%cal Rc7c8]} Be6 44. Kf1 Ke8 45. Re7+ Kf8 46. Ra7 {Threatening mate with Ra8+.} Bc8 47. Rc7 {[%cal Rc7c8]} Be6 48. Ke2 Rd5 49. h4 h5 50. Ke3 Bd7 51. f3 Bf5 52. Ra7 {Ra8+ would kill now.} Bc8 53. g4 Rd7 $2 (53... Ke8 54. Re7+ Kf8) 54. Ra8 {White is clearly winning.} Rc7 55. gxh5 gxh5 56. Kf4 Kg8 (56... Rc1 $142 57. Kg5 Ke8 58. Kxh5 Kd7) 57. Kg5 a5 58. Kh6 Rc2 59. Rxa5 {White wants to mate with Rd5.} Rg2 60. Ra8 {Precision: White = 74%, Black = 37%.} 1-0

[Event "54th Rubinstein Memorial-A 2018"]
[Site "Polanica-Zdroj"]
[Date "2018.08.23"]
[Round "6"]
[White "Wisniewski, Michal"]
[Black "Cherepov, Alexej"]
[Result "0-1"]
[WhiteElo "2122"]
[BlackElo "2245"]
[Annotator "TA"]
[PlyCount "81"]
[EventDate "2018.08.18"]
[EventType "swiss"]
[EventCountry "POL"]
[SourceTitle "playchess.com"]
[Source "ChessBase"]
[SourceQuality "1"]

{[%evp 9,81,-26,16,10,6,4,31,18,31,36,19,26,61,29,27,20,53,37,52,35,25,33,16,26,39,45,53,50,70,69,84,74,76,49,49,0,63,-18,-38,-44,-28,-263,-260,-361,-252,-435,-445,-461,-475,-475,-469,-454,-452,-394,-339,-554,-568,-548,-383,-365,-378,-381,-375,-364,-355,-321,-256,-599,-410,-390,-117,-29993,-29994,-29996]} 1. c4 Nf6 2. Nf3 c5 3. Nc3 e6 4. e4 Nc6 5. h3 (5. d4 cxd4 6. Nxd4 Bb4 7. Nxc6 bxc6 8. Bd3 e5 9. O-O O-O 10. Qe2 d6 11. Na4 Ba5 12. Rd1 Qe7 13. b3 Rd8 14. Bc2 Nd7 15. Be3 Nb6 16. Nxb6 Bxb6 17. Rd3 Be6 {½-½ (27) Nepomniachtchi,I (2751)-Jakovenko,D (2735) Poikovsky 2018}) 5... Qc7 6. Be2 {A34: Symmetrical English: 2 Nc3, lines with ...d5} Be7 $146 ({Predecessor:} 6... a6 7. O-O b6 8. d3 Bb7 9. Be3 Be7 {½-½ (9) Malakhov,V (2535)-Sermek,D (2535) Tucepi 1996}) 7. O-O a6 8. a3 {White is slightly better.} O-O 9. d4 cxd4 10. Nxd4 Ne5 {[%cal Bc6e5,Be5d7,Bd7c5][%mdl 32]} 11. Qb3 d6 12. Be3 Ned7 13. f4 b6 14. f5 e5 15. Nf3 Bb7 16. Nd2 h6 17. Rfc1 Nc5 18. Qc2 Rac8 19. b4 Ncd7 20. Qd3 Qb8 21. Rab1 Rc7 22. g4 Rfc8 (22... b5 $11) 23. g5 (23. a4 $14) 23... hxg5 $11 24. Bxg5 b5 {[#] ...Ng4! is the strong threat.} 25. cxb5 $2 (25. Qg3 $11) 25... axb5 $19 {aiming for ...d5!} 26. Be3 Qa8 27. Na2 $2 (27. Bf1 {was worth a try.}) 27... Nxe4 28. Rxc7 Rxc7 29. Rc1 Rxc1+ 30. Nxc1 Nxd2 31. Bxd2 Be4 32. Qxb5 $2 (32. Qe3 {keeps fighting.}) 32... Qa7+ 33. Kf1 Bxf5 {( -> ...Bh4)} 34. Bg4 Bh4 {[%csl Gh4][%cal Ra7f2]} ({Don't play} 34... Qxa3 35. Qa5 $19) 35. Be1 Bxe1 36. Kxe1 Bxg4 ({Resist} 36... Qxa3 37. Ne2 $19) 37. hxg4 Nf6 38. a4 $2 (38. Qd3) 38... Qg1+ 39. Kd2 Ne4+ $2 (39... Qd4+ $19 {has better winning chances.} 40. Kc2 Nd5 41. Qe8+ Kh7 42. Qxf7 Qc4+ 43. Kb2 Qc3+ 44. Kb1 Qxb4+ 45. Kc2 Qxa4+ 46. Nb3 Ne3+ 47. Kd3 Nxg4 48. Qf5+ g6 49. Qf7+ Kh6) 40. Kd3 $2 {[%mdl 8192] [#]} (40. Kc2 $17) 40... Qd4+ 41. Kc2 {Precision: White = 34%, Black = 51%.} 0-1

[Event "54th Rubinstein Memorial-A 2018"]
[Site "Polanica-Zdroj"]
[Date "2018.08.23"]
[Round "6"]
[White "Banaszkiewicz, Mikolaj"]
[Black "Okrucinski, Tadeusz"]
[Result "1/2-1/2"]
[WhiteElo "1984"]
[BlackElo "2182"]
[Annotator "NA"]
[PlyCount "83"]
[EventDate "2018.08.18"]
[EventType "swiss"]
[EventCountry "POL"]
[SourceTitle "playchess.com"]
[Source "ChessBase"]
[SourceQuality "1"]
[TimeControl "40/5400+30:1800+30"]

1. d4 {[%emt 0:00:00]} Nf6 {[%emt 0:00:00]} 2. Nf3 {[%emt 0:00:02]} c5 {[%emt 0:00:12]} 3. e3 {[%emt 0:02:14]} e6 {[%emt 0:02:47]} 4. Nbd2 {[%emt 0:01:43]} d5 {[%emt 0:01:06]} 5. c3 {[%emt 0:00:17]} Be7 {[%emt 0:05:00]} 6. Bd3 {[%emt 0:00:32]} O-O {[%emt 0:00:12]} 7. Ne5 {[%emt 0:01:54]} b6 {[%emt 0:06:10]} 8. f4 {[%emt 0:01:37]} Ba6 {[%emt 0:00:35]} 9. Bxa6 {[%emt 0:05:54]} Nxa6 {[%emt 0:00:06]} 10. O-O {[%emt 0:00:22]} Nc7 {[%emt 0:03:17]} 11. Qf3 {[%emt 0:03:37]} Nb5 {[%emt 0:03:28]} 12. Qh3 {[%emt 0:06:25]} Nd6 {[%emt 0:02:33]} 13. Ndf3 {[%emt 0:01:46]} Nfe4 {[%emt 0:03:08]} 14. Bd2 {[%emt 0:04:48]} Qc8 {[%emt 0:02:51]} 15. Be1 f6 {[%emt 0:15:33]} 16. Nd3 {[%emt 0:06:15]} a5 {[%emt 0:09:28]} 17. g4 {[%emt 0:04:15]} a4 {[%emt 0:03:27]} 18. a3 {[%emt 0:12:51]} Nf7 {[%emt 0:09:48]} 19. Bh4 {[%emt 0:06:35]} c4 {[%emt 0:09:05]} 20. Nf2 {[%emt 0:04:01]} Bd6 {[%emt 0:07:33]} 21. g5 {[%emt 0:07:16]} fxg5 {[%emt 0:05:14]} 22. Nxe4 {[%emt 0:10:59]} gxh4 {[%emt 0:03:46]} 23. Neg5 {[%emt 0:03:58]} h6 {[%emt 0:01:01]} 24. Nxf7 {[%emt 0:04:41]} Rxf7 {[%emt 0:00:12]} 25. Qxh4 {[%emt 0:02:16]} Qd8 {[%emt 0:00:19]} 26. Kh1 {[%emt 0:01:41]} Qf6 {[%emt 0:00:22]} 27. Qxf6 {[%emt 0:01:33]} gxf6 {[%emt 0:01:01]} 28. Rf2 {[%emt 0:00:40]} f5 {[%emt 0:02:20]} 29. Rg1+ {[%emt 0:01:35]} Rg7 {[%emt 0:00:12]} 30. Rfg2 {[%emt 0:00:46]} Raa7 {[%emt 0:00:33]} 31. Rg6 {[%emt 0:00:38]} Bf8 {[%emt 0:02:05]} 32. Rxe6 {[%emt 0:00:36]} Rxg1+ {[%emt 0:00:15]} 33. Kxg1 {[%emt 0:00:21]} Re7 {[%emt 0:00:34]} 34. Rxe7 {[%emt 0:03:04]} Bxe7 {[%emt 0:00:01]} 35. Kg2 {[%emt 0:00:37]} b5 {[%emt 0:00:51]} 36. Ne1 {[%emt 0:01:27]} Kf7 {[%emt 0:00:13]} 37. Kg3 {[%emt 0:00:38]} Kg6 {[%emt 0:00:19]} 38. Nf3 {[%emt 0:00:23]} Kh5 {[%emt 0:01:41]} 39. Kh3 {[%emt 0:00:41]} Bf8 {[%emt 0:00:33]} 40. Ne1 {[%emt 0:00:00]} Bd6 {[%emt 0:00:00]} 41. Nc2 {[%emt 0:06:58]} Bxa3 42. bxa3 1/2-1/2

[Event "54th Rubinstein Memorial-A 2018"]
[Site "Polanica-Zdroj"]
[Date "2018.08.23"]
[Round "6"]
[White "Vanduyfhuys, Daria"]
[Black "Sanz Wawer, Daniel"]
[Result "1/2-1/2"]
[WhiteElo "1878"]
[BlackElo "2180"]
[Annotator "TA"]
[PlyCount "63"]
[EventDate "2018.08.18"]
[EventType "swiss"]
[EventCountry "POL"]
[SourceTitle "playchess.com"]
[Source "ChessBase"]
[SourceQuality "1"]

{[%evp 10,63,21,17,29,0,-3,-3,10,-1,65,66,86,83,105,91,100,34,43,41,29,0,12,19,19,14,15,0,4,9,36,-52,1,1,15,1,15,1,15,8,27,8,27,0,15,15,15,0,0,0,26,26,45,41,41,41]} 1. d4 Nf6 2. c4 c5 3. d5 e6 4. Nc3 exd5 5. Nxd5 Nxd5 6. cxd5 g6 {A60: Modern Benoni: Early Divergences} 7. Nf3 Bg7 8. e4 O-O {The position is equal.} 9. Bd3 b5 $146 (9... d6 $11) ({Predecessor:} 9... d6 10. O-O Na6 11. Re1 Re8 12. a3 Nc7 13. Ra2 Bg4 14. Bd2 {0-1 (33) Chaplin,E (2130)-Zelcic,R (2450) Douai 1993}) 10. O-O $14 a6 11. a4 b4 12. Bg5 f6 13. Be3 (13. Bh4 $16) 13... d6 14. Qd2 Nd7 15. h4 Ne5 16. Nxe5 fxe5 17. Bg5 Qc7 18. Qe2 h6 19. Be3 Qe7 20. h5 (20. g3 $1 $14) 20... g5 (20... Qh4 $1 $15) 21. g4 $11 Ra7 {[%cal Ba8a7,Ba7f7,Bf7f6][%mdl 32]} 22. b3 Qd8 (22... Qd7 $5 23. f3 $8 a5 $14) 23. Kg2 Qb6 24. f3 Raf7 25. Rf2 Kh7 26. Ra2 Qb7 27. Kg3 Qd7 28. Rg2 Rf6 29. Qd1 Qf7 30. Raf2 Qe8 31. Qf1 Qd7 {White should prevent ...Rxf3+!} 32. Qe2 {Precision: White = 47%, Black = 34%.} 1/2-1/2

[Event "54th Rubinstein Memorial-A 2018"]
[Site "Polanica-Zdroj"]
[Date "2018.08.24"]
[Round "7"]
[White "Manik, Mikulas"]
[Black "Nurkiewicz, Maciej"]
[Result "1/2-1/2"]
[WhiteElo "2408"]
[BlackElo "2371"]
[Annotator "ChessBase"]
[PlyCount "61"]
[EventDate "2018.08.18"]
[EventType "swiss"]
[EventCountry "POL"]
[SourceTitle "playchess.com"]
[Source "ChessBase"]
[SourceQuality "1"]
[TimeControl "40/5400+30:1800+30"]

1. e4 e5 2. Nf3 Nf6 3. d3 Nc6 4. g3 d5 5. Nbd2 dxe4 6. dxe4 Bc5 7. Bg2 O-O 8. O-O h6 9. Qe2 Bg4 10. h3 Be6 11. c3 a5 12. Nc4 Nd7 13. Rd1 Qe7 14. Nh4 Nb6 15. Nf5 Qf6 16. Nce3 Rfd8 17. Ng4 Qg6 18. Be3 Bxe3 19. Nxe5 Qf6 20. Nxc6 Bxf2+ 21. Qxf2 bxc6 22. Qc5 Rxd1+ 23. Rxd1 Bxa2 24. Ne7+ Kh8 25. Nxc6 Qg5 26. Qf2 Bb3 27. Re1 a4 28. e5 Re8 29. Kh2 Qg6 30. Be4 Qe6 31. Bg2 1/2-1/2

[Event "54th Rubinstein Memorial-A 2018"]
[Site "Polanica-Zdroj"]
[Date "2018.08.24"]
[Round "7"]
[White "Lewtak, Damian"]
[Black "Sabuk, Piotr"]
[Result "1-0"]
[WhiteElo "2369"]
[BlackElo "2377"]
[Annotator "NA"]
[PlyCount "89"]
[EventDate "2018.08.18"]
[EventType "swiss"]
[EventCountry "POL"]
[SourceTitle "playchess.com"]
[Source "ChessBase"]
[SourceQuality "1"]
[TimeControl "40/5400+30:1800+30"]

1. d4 {[%emt 0:00:00]} Nf6 {[%emt 0:00:00]} 2. Bf4 {[%emt 0:00:00]} d5 {[%emt 0:00:01]} 3. e3 {[%emt 0:00:00]} c5 {[%emt 0:00:26]} 4. c3 {[%emt 0:00:22]} Nc6 {[%emt 0:00:18]} 5. Nd2 {[%emt 0:01:20] D00: Damenbauernspiele} cxd4 {[%emt 0:00:32]} (5... Bf5 6. Ngf3 e6 7. Be2 Bd6 8. dxc5 Bxc5 9. Nd4 Bg6 10. Qa4 O-O 11. Nxc6 bxc6 12. Qxc6 Rc8 13. Qa4 Re8 14. O-O e5 {0-1 (57) Le,Q (2737)-Ding,L (2777) Riadh 2017}) 6. exd4 {[%emt 0:00:07]} Bf5 {[%emt 0:00:28]} 7. Qb3 {[%emt 0:00:06]} Qc8 {[%emt 0:01:04]} 8. Ngf3 {[%emt 0:01:06]} e6 {[%emt 0:00:26]} 9. Nh4 {[%emt 0:00:40]} Be4 {[%emt 0:00:29]} 10. Nxe4 {[%emt 0:00:38]} dxe4 {[%emt 0:00:10]} 11. g3 {[%emt 0:03:54]} Be7 {[%emt 0:03:45]} 12. Ng2 {[%emt 0:00:29]} O-O {[%emt 0:02:18]} 13. Be2 {[%emt 0:02:03]} Nd5 {[%emt 0:00:52]} 14. Bd2 {[%emt 0:02:21]} Qd7 {[%emt 0:00:29] [#]} 15. Ne3 $146 {[%emt 0:03:18]} ({Vorgänger:} 15. f3 exf3 16. Bxf3 Na5 17. Qc2 Nc4 18. O-O {½-½ (18) Sedlak,N (2581)-Perunovic,M (2618) Hungary 2014}) 15... Bg5 {[%emt 0:15:02]} 16. h4 {[%emt 0:02:08]} Bh6 {[%emt 0:06:53]} 17. g4 {[%emt 0:00:56]} Bf4 {[%emt 0:01:09]} 18. Qc2 {[%emt 0:01:54]} f5 {[%emt 0:06:12]} 19. gxf5 $1 {[%emt 0:01:13]} exf5 {[%emt 0:05:44]} 20. Nxd5 {[%emt 0:00:11]} Bxd2+ {[%emt 0:00:23]} 21. Kxd2 {[%emt 0:00:14]} Qxd5 $16 {[%emt 0:00:52]} 22. Qb3 {[%emt 0:00:05]} Qxb3 {[%emt 0:00:53]} 23. axb3 {[%emt 0:00:05]} Rae8 {[%emt 0:19:30]} 24. b4 {[%emt 0:00:52]} a6 {[%emt 0:03:43]} 25. f4 {[%emt 0:04:12]} exf3 {[%emt 0:05:04]} 26. Bxf3 {[%emt 0:00:06]} Kf7 {[%emt 0:08:05]} 27. Bxc6 {[%emt 0:02:25]} bxc6 {[%emt 0:00:01]} 28. Rxa6 {[%emt 0:00:07]} Re6 {[%emt 0:00:23]} 29. Ra7+ {[%emt 0:00:06]} Kf6 {[%emt 0:02:04]} 30. Rg1 {[%emt 0:00:38]} Rf7 {[%emt 0:00:42]} 31. Rxf7+ {[%emt 0:00:07]} Kxf7 {[%emt 0:00:01]} 32. Kd3 {[%emt 0:02:36]} Kf6 {[%emt 0:09:12]} 33. d5 {[%emt 0:12:30]} cxd5 {[%emt 0:01:04]} 34. Kd4 {[%emt 0:00:07]} Re2 {[%emt 0:01:13]} 35. Rb1 {[%emt 0:00:34]} Ke6 {[%emt 0:06:09]} 36. Kc5 {[%emt 0:00:05]} f4 {[%emt 0:01:50]} 37. b5 {[%emt 0:02:06]} f3 {[%emt 0:00:05]} 38. Rf1 {[%emt 0:03:55]} f2 {[%emt 0:00:14]} 39. b4 {[%emt 0:00:08]} d4 {[%emt 0:00:59]} 40. Kxd4 {[%emt 0:00:00]} Kd6 {[%emt 0:00:00]} 41. c4 {[%emt 0:05:01]} Rb2 {[%emt 0:14:58]} 42. c5+ {[%emt 0:00:34]} Kd7 {[%emt 0:02:04]} 43. Kc4 {[%emt 0:00:48]} g6 {[%emt 0:02:06]} 44. Rd1+ {[%emt 0:00:29]} Kc8 {[%emt 0:05:19]} 45. b6 {[%emt 0:00:07]} 1-0

[Event "54th Rubinstein Memorial-A 2018"]
[Site "Polanica-Zdroj"]
[Date "2018.08.24"]
[Round "7"]
[White "Psyk, Radoslaw"]
[Black "Lapaj, Mateusz"]
[Result "1-0"]
[WhiteElo "2304"]
[BlackElo "2198"]
[Annotator "NA"]
[PlyCount "65"]
[EventDate "2018.08.18"]
[EventType "swiss"]
[EventCountry "POL"]
[SourceTitle "playchess.com"]
[Source "ChessBase"]
[SourceQuality "1"]
[TimeControl "40/5400+30:1800+30"]

1. e4 {[%emt 0:00:00]} c5 {[%emt 0:00:09]} 2. Nf3 {[%emt 0:00:00]} Nc6 {[%emt 0:00:12]} 3. Bb5 {[%emt 0:00:20]} g6 {[%emt 0:00:06]} 4. Bxc6 {[%emt 0:00:22]} dxc6 {[%emt 0:00:05]} 5. d3 {[%emt 0:00:17]} Bg7 {[%emt 0:00:13]} 6. h3 {[%emt 0:00:03]} Nf6 {[%emt 0:00:44]} 7. Nc3 {[%emt 0:01:48]} b6 {[%emt 0:00:31]} 8. O-O {[%emt 0:00:24]} O-O {[%emt 0:00:20]} 9. Be3 {[%emt 0:01:08]} e5 {[%emt 0:09:31]} 10. Qd2 {[%emt 0:03:00] LiveBook: 48 Games} Nd7 {[%emt 0:01:04]} 11. Bh6 {[%emt 0:02:20] B31: Sicilian: 2...Nc6 3 Bb5 g6} Qe7 {[%emt 0:01:05]} 12. Nh2 {[%emt 0:07:54]} f6 {[%emt 0:05:46]} (12... Qd6 13. Ne2 Ba6 14. Ng4 Nf6 15. Bxg7 Kxg7 16. Nxf6 Qxf6 {1-0 (60) Oral,T (2515)-Studnicka,T (2374) Ostrava 2014}) 13. Ne2 $146 {[%emt 0:13:12]} ({Predecessor:} 13. Bxg7 Kxg7 14. f4 exf4 15. Qxf4 Ne5 16. Nf3 Nxf3+ 17. Rxf3 Be6 18. Raf1 Rf7 {½-½ (50) Soto Hernandez,H (2362)-Adel Lahchaichi,O (2265) Havana 2011}) 13... Ba6 {[%emt 0:07:18]} 14. Bxg7 {[%emt 0:02:36]} Qxg7 {[%emt 0:00:27]} 15. Qc3 {[%emt 0:03:49]} Kh8 {[%emt 0:08:07]} 16. f4 $14 {[%emt 0:03:58]} Rae8 {[%emt 0:04:04]} 17. Qa3 {[%emt 0:10:09]} Bc8 {[%emt 0:00:14]} 18. Qxa7 {[%emt 0:03:27]} f5 {[%emt 0:06:05]} 19. fxe5 {[%emt 0:03:40]} Qxe5 {[%emt 0:03:45]} 20. Nc3 {[%emt 0:01:15]} fxe4 {[%emt 0:03:58]} 21. dxe4 {[%emt 0:02:14]} b5 {[%emt 0:08:30]} 22. Nf3 {[%emt 0:06:17]} Qf4 {[%emt 0:09:06]} 23. a3 {[%emt 0:01:41]} Kg8 {[%emt 0:06:33]} 24. Rad1 {[%emt 0:07:12]} Rf7 {[%emt 0:14:15]} 25. Kh1 {[%emt 0:02:18]} Ne5 {[%emt 0:02:24]} 26. Qxc5 {[%emt 0:07:03]} Bxh3 {[%emt 0:02:26]} 27. Nh2 {[%emt 0:00:50]} Bxg2+ {[%emt 0:05:40]} 28. Kxg2 {[%emt 0:00:03]} Qg5+ {[%emt 0:00:09]} 29. Kh1 {[%emt 0:00:09]} Ref8 {[%emt 0:00:06]} 30. Rxf7 {[%emt 0:01:07]} Rxf7 {[%emt 0:00:02]} 31. Rg1 {[%emt 0:07:08]} Qh5 {[%emt 0:00:14]} 32. Ne2 {[%emt 0:02:37]} Rd7 {[%emt 0:01:26]} 33. Nf4 {[%emt 0:01:01]} 1-0

[Event "54th Rubinstein Memorial-A 2018"]
[Site "Polanica-Zdroj"]
[Date "2018.08.24"]
[Round "7"]
[White "Cherepov, Alexej"]
[Black "Frolov, Artur"]
[Result "1/2-1/2"]
[WhiteElo "2245"]
[BlackElo "2420"]
[Annotator "TA"]
[PlyCount "222"]
[EventDate "2018.08.18"]
[EventType "swiss"]
[EventCountry "POL"]
[SourceTitle "playchess.com"]
[Source "ChessBase"]
[SourceQuality "1"]

{[%evp 16,222,22,26,18,20,14,19,31,15,24,7,20,14,24,14,20,18,14,8,14,-13,-13,-13,-11,-18,-10,-16,-6,-35,-3,-6,0,0,0,0,0,0,0,0,18,0,0,0,0,0,0,0,0,0,0,0,0,0,0,0,8,0,0,0,34,33,53,0,5,0,0,0,0,0,0,0,0,-4,0,-7,-7,-4,-4,-5,0,0,0,0,0,0,0,0,0,-3,0,-2,0,0,0,0,0,0,0,0,0,0,0,0,0,0,0,0,0,0,0,-8,0,0,0,0,0,-8,0,0,0,0,0,0,0,0,0,0,0,0,0,0,0,0,0,0,0,0,0,0,0,0,0,0,0,0,0,0,0,0,0,0,0,0,0,0,0,0,0,0,0,0,0,0,0,0,0,0,0,0,0,0,0,0,0,0,0,0,0,0,0,0,0,0,0,0,0,0,0,0,0,0,0,0,0,0,0,0,0,0,0,0,0,0,0,0,0,0,0]} 1. d4 Nf6 2. c4 g6 3. Nc3 Bg7 4. Nf3 O-O 5. Bf4 d6 6. h3 c6 7. e3 a6 8. Be2 b5 9. a3 {LiveBook: 14 Games. E61: King's Indian: Early deviations for White, including Smyslov System} (9. O-O Nbd7 10. a3 bxc4 11. Bxc4 c5 12. Rc1 Bb7 13. d5 Nb6 14. Ba2 a5 15. e4 Nh5 16. Bg5 h6 17. Be3 Ba6 18. Re1 {1-0 (41) Korobov,A (2696)-Rasulov,V (2512) Nakhchivan 2014}) 9... bxc4 10. Bxc4 a5 11. O-O Ba6 12. Qe2 Qb6 $146 ({Predecessor:} 12... Nfd7 13. Rac1 Bxc4 14. Qxc4 Nb6 15. Qe2 Na6 16. Rc2 Qd7 {½-½ (60) Tsiganova,M (2245)-Chekhova Kostina,T (2265) Moscow 1992}) 13. Rab1 c5 14. dxc5 Qxc5 15. Bxa6 Nxa6 16. Rfc1 Rfc8 17. e4 Qc4 18. Kf1 Qxe2+ 19. Kxe2 Nc5 20. Nd2 a4 21. Be3 Nfd7 22. f3 Kf8 23. Nd5 e6 24. Nb4 Ke7 25. Bg5+ Bf6 26. Bxf6+ Nxf6 27. Rc3 Nfd7 28. Rbc1 Rc7 29. Ke3 g5 30. g3 h5 31. R1c2 h4 32. gxh4 gxh4 33. Nd3 Rb7 {[#]} 34. e5 $1 {[%mdl 512]} Nxd3 (34... dxe5 35. Nxc5) 35. exd6+ Kxd6 {aiming for ...N3e5.} 36. Rxd3+ Ke7 37. Rd4 Nf6 38. Rxh4 Nd5+ 39. Ke2 e5 {The position is equal.} 40. Rhc4 Rd7 41. Kf2 Nf4 42. Rc7 Rg8 {[#] ...Rg2+ is the strong threat.} 43. Rxd7+ Kxd7 $11 {[%mdl 4096] Endgame KRN-KRN} 44. Rc3 Nxh3+ 45. Ke1 Rg1+ 46. Nf1 Nf4 47. b3 axb3 48. Rxb3 Rg2 49. Rb7+ Ke6 50. Rb6+ Ke7 51. Rb7+ Kf6 52. Nd2 Rg1+ 53. Nf1 Rg2 54. Nd2 Ke6 55. a4 f5 56. a5 e4 57. fxe4 fxe4 58. Nxe4 Re2+ 59. Kd1 Rxe4 {KRN-KR} 60. Kc2 Ra4 61. a6 Rxa6 62. Kc3 Ra4 63. Kb3 Ra1 {Strongly threatening ...Rb1+.} 64. Kb2 Rf1 65. Kc3 Nd5+ 66. Kd4 Kd6 67. Rb8 Rf4+ 68. Kd3 Nb4+ 69. Ke3 Rh4 70. Rd8+ Kc5 71. Rc8+ Nc6 72. Rg8 Kd5 73. Ra8 Re4+ 74. Kd2 Kc4 75. Rc8 Kd5 76. Rh8 Kd4 77. Rc8 Nb4 78. Rd8+ Nd5 79. Kc2 Re2+ 80. Kd1 Ra2 81. Ke1 Ke4 82. Re8+ Kf3 83. Rf8+ Ke3 {[%cal Ra2a1]} 84. Re8+ Kd3 85. Rd8 Kd4 86. Kd1 Ke4 87. Re8+ Kd3 {[%cal Ra2a1]} 88. Ke1 Nc3 89. Rd8+ Ke3 {( -> ...Ra1+)} 90. Re8+ Ne4 {[%cal Ra2a1]} 91. Kd1 Rh2 (91... Kf4 {with more complications.} 92. Rf8+ Ke5 93. Kc1 Nd6 94. Rh8 Kf6) 92. Kc1 $1 Kd4 93. Rd8+ Kc4 94. Rc8+ Nc5 95. Kd1 Kd4 (95... Kd5 {looks sharper.} 96. Kc1 Na6 97. Rc3 Rh4 98. Rd3+ Ke4) 96. Rd8+ Ke3 97. Re8+ Ne4 98. Kc1 Rh6 99. Kc2 Rb6 100. Re7 Rc6+ 101. Kb2 Kd3 102. Rd7+ Nd6 103. Rh7 Rb6+ 104. Ka3 Nf5 105. Ka4 Nd4 106. Ka5 Rc6 107. Kb4 Rc4+ 108. Ka5 Rc5+ 109. Kb6 Rc6+ 110. Kb7 Rf6 111. Rh3+ Kc4 {Precision: White = 80%, Black = 65%.} 1/2-1/2

[Event "54th Rubinstein Memorial-A 2018"]
[Site "Polanica-Zdroj"]
[Date "2018.08.24"]
[Round "7"]
[White "Okrucinski, Tadeusz"]
[Black "Domanski, Lukasz"]
[Result "1-0"]
[WhiteElo "2182"]
[BlackElo "2094"]
[Annotator "TA"]
[PlyCount "41"]
[EventDate "2018.08.18"]
[EventType "swiss"]
[EventCountry "POL"]
[SourceTitle "playchess.com"]
[Source "ChessBase"]
[SourceQuality "1"]

{[%evp 27,41,73,64,0,0,0,0,0,157,160,142,121,139,142,191,159]} 1. d4 d6 2. Nf3 Nf6 3. c4 g6 4. g3 Bg7 5. Bg2 O-O 6. O-O Nbd7 7. Nc3 e5 8. e4 exd4 9. Nxd4 Re8 10. h3 a6 11. Be3 Rb8 12. Rc1 {E68: King's Indian: Fianchetto: 6...Nbd7 7 0-0 e5 8 e4} Ne5 13. b3 c5 14. Nde2 b5 {[#] LiveBook: 7 Games} 15. Bg5 $146 (15. f4 $1 $14 Ned7 16. Qxd6) ({Predecessor:} 15. f4 Ned7 16. Qd3 Bb7 17. g4 b4 18. Nd5 Nxd5 19. cxd5 a5 {½-½ (38) Bocharov,D (2560)-Mamedyarov,S (2736) Berlin 2015}) 15... h6 $11 16. Bxf6 Qxf6 17. f4 {Strongly threatening Nd5.} Nc6 $2 {[#]} (17... Nd7 $1 $11) 18. e5 $1 $16 {[%cal Re5f6]} dxe5 19. fxe5 Qxe5 {And now ...Nd4 would win.} 20. Bxc6 Rf8 21. Bg2 1-0